| 000 | 01001aam a2200409a 44500 | ||
|---|---|---|---|
| 008 | 970930s1996 spa | ||
| 017 | _aM-37413-1996 | ||
| 020 | _a8400076109 | ||
| 041 | _aspa | ||
| 041 | _bcat | ||
| 041 | _beng | ||
| 041 | _bfre | ||
| 080 | _a572.9:025.43 | ||
| 100 |
_aSoler i Fabregat, Ramon _962418 |
||
| 245 | _aTesauro de términos relativos a relaciones raciales | ||
| 245 | _cRamon Soler i Fabregat | ||
| 260 | _aMadrid | ||
| 260 | _bCINDOC | ||
| 260 | _c1996 | ||
| 300 |
_aX, 135 p. _c30 cm |
||
| 500 | _aÍndexs anglès, francès i català | ||
| 520 | _a1.434 | ||
| 591 | _a5187 | ||
| 592 | _aObra terminològica | ||
| 593 | _aON | ||
| 593 | _aONN | ||
| 594 | _a5187 | ||
| 650 |
_aantropologia física _962419 |
||
| 650 |
_aetnografia _962421 |
||
| 650 |
_aetnologia _961745 |
||
| 650 |
_araces _962420 |
||
| 901 | _c<1996> | ||
| 902 | _a970930 | ||
| 942 |
_cMO _n0 |
||
| 999 |
_c52094 _d52094 |
||